00274nam a2200133Ia 4500003000900000008004100009040001300050040001300063041000800076100001700084245002500101300000800126490000600134IT-RoPAU120407s9999 xx 000 0 und d aIT-RoPAU cIT-RoPAU aita aRodolfo Plus aL’idea riparatrice c cm v1